| 000 | 01255nam a22002897a 4500 | ||
|---|---|---|---|
| 003 | dpl | ||
| 005 | 20180831114747.0 | ||
| 008 | 180831b xxu||||| |||| 00| 0 eng d | ||
| 010 | _aA-967248 | ||
| 020 |
_c00.00 _a8176460370 |
||
| 035 | _aA-967248,B-967255 | ||
| 037 | _bCen Lib/Ret | ||
| 040 |
_aDPL _bHN _c0 |
||
| 082 |
_aउ _bपाण्डेय |
||
| 100 |
_aपाण्डेय, उदयभानु _942466 |
||
| 245 |
_aबिरहा तू सुलतान / _cउदयभानु पाण्डेय |
||
| 246 |
_aBirha tu sulatan / _bby Udaybhanu Pandey |
||
| 260 |
_aदिल्ली _bबी. आर. पब्लिशिंग _c1998 |
||
| 270 |
_bदिल्ली _aए-6, निर्मड़ी कमर्शियल सेंटर _e110052 |
||
| 300 |
_a116पृ. _c22सेमी (सजिल्द) |
||
| 490 |
_aन्यू वोर्ल लेतेरातुरे सीरीज: _v111 |
||
| 650 |
_a हिन्दी साहित्य _954993 |
||
| 650 |
_a हिन्दी साहित्य -- उपन्यास _946379 |
||
| 650 |
_aHindi literature _954994 |
||
| 650 |
_aHindi literature -- Fiction _954995 |
||
| 942 |
_2ddc _cHN _hउ _mपाण्डेय |
||
| 999 |
_c114039 _d114039 |
||